MDQL
is popping MORE tags! Check the
thread
!
Quizzes
Events
Quiz Creation
Community
Videos
Private Events
Remove Ads
Sign In
Join for FREE
Feedback
Dark Mode
Quiz Categories
Sports
Geography
Music
Movies
Television
Just For Fun
Miscellaneous
History
Literature
Language
Science
Gaming
Entertainment
Religion
Holiday
For Kids
Quiz Lab
Recent
Popular Today
Quiz Kudos Today
Editor Picks
Curator Picks
Quizzes by...
Day
Popularity
Type
Ratings
Length
Year
Community
Subscriptions
Recent Discussions
Orange Saloon
Badges
Playlists
Quests
Create
Leaderboards
Showdown
Live 5
Trivia Bingo
Activity
Puzzle Library
Sporcle Events
Private Events
Virtual Trivia
Globe League
Become a Host
Pub Owners
SporcleCon
Opinionation
Our Games
Videos
Blog
Mobile Apps
Partnerships
Remove Ads and Go Orange
Feedback
Miscellaneous
Crossword
General Knowledge
Baby Names
Logo
Food
Cars
Numbers
Grab Bag
University
College
Popular
Company
Slogans
Restaurants
Justice
Letter
Miscellaneous
Crossword
General Knowledge
Baby Names
Logo
Food
Cars
Numbers
Grab Bag
University
College
Popular
Company
Slogans
Restaurants
Justice
Letter
Random Quiz
Search Sporcle
×
Quiz Lab
Quiz Lab
Miscellaneous
Series
Type in answers that appear in a list
Type in answers that appear in a list
Classic
Best Score? Go Orange.
What Comes Before? II Stats
Can you name the item which comes before the following sequences?
By
Pedro188
10m
30 Questions
52 Plays
52 Plays
52 Plays
Comments
Comments
Give Quiz Kudos
Give Quiz Kudos
-
- Ratings
hide this ad
Forced Order
Answers have to be entered in order
Answers have to be entered in order
Random Order
Randomize order of answers
Randomize order of answers
Replay
Link that replays current quiz
Next Quiz
Link to next quiz in quiz playlist
You Got
0%
They Got
Avg Score
36%
Avg Friend Score
Upgrade to see
Score Distribution
Jump to the score distribution portion of the page
Score
0/30
Timer
10:00
0
Plays Today
Sequence
Previous Item
% Correct
...Jupiter, Saturn, Uranus...
Mars
86.5%
...Michigan, Ontario, Superior.
Huron
76.9%
...Comet, Cupid, Dancer...
Blitzen
75%
...Flush, Full House, Four of a Kind...
Straight
59.6%
...Leviticus, Numbers, Dueteronomy...
Exodus
57.7%
...Independence, Labor, Columbus...
Memorial
57.7%
...Cancer, Leo, Virgo...
Gemini
53.8%
...Gore, Cheney, Biden...
Quayle
50%
...History, Literature, Sports...
Science
50%
...Atlanta, Sydney, Athens...
Barcelona
48.1%
...-
and the Goblet of Fire, -
and the Order of the Phoenix, -
and the Half Blood Prince...
-and the Prisoner of Azkaban
46.2%
...Philippines, Poland, Portugal...
Peru
42.3%
...Taylor Hicks, Jordin Sparks, David Cook...
Carrie Underwood
38.5%
...Spurs, Celtics, Lakers...
Miami Heat
32.7%
...Brazil, Italy, Spain...
France
30.8%
Sequence
Previous Item
% Correct
...Brunei, Cambodia, China...
Bhutan
30.8%
...Red Sox, White Sox, Cardinals...
Florida Marlins
28.8%
...Peridot, Sapphire, Opal...
Ruby
26.9%
...Butane, Pentane, Hexane...
Propane
26.9%
...Viscount, Earl/
Count, Marquess...
Baron
23.1%
...Hermes, Poseidon, Zeus.
Hera
21.2%
...Iota, Kappa, Lambda...
Theta
19.2%
...Callaghan, Thatcher, Major...
Wilson
19.2%
...On Her Majesty's Secret Service, Diamonds Are Forever, Live And Let Die...
You Only Live Twice
19.2%
...McGann, Eccleston, Tennant...
McCoy
17.3%
...Bond Street, Park Lane, Mayfair...
Oxford Street
17.3%
...Bleak House, Dark Times, Little Dorrit...
David Copperfield
17.3%
...nano-
, micro-
, milli-
...
pico-
15.4%
...Nicholas Cage, Geoffrey Rush, Jack Nicholson...
Tom Hanks
13.5%
..Penny Lane, All You Need Is Love, Hello, Goodbye...
Paperback Writer
5.8%
Quiz Playlist
Details
Report
Send in Message
Add To Playlist
Classic:
Type in answers that appear in a list
Forced Order:
Answers have to be entered in order
Random Order:
Randomize order of answers
Last Updated: Feb 16, 2017
Quiz Scoreboard
CHALLENGE
Sign Up to Join the Scoreboard
Show All
Scores
Hide
Comments
May contain spoilers
Recently Published
Famous 'C' Women
by xyz_
Entertainment
6m
Holiday 10x10 Sorting Gallery
by lukepisani3
Holiday
15m
Two Season TV Shows II
by 123Four
Television
10m
More to Explore
Quiz From the Vault
Featured Blog Post
14 Easter Pick-up Lines to Find Eggs With
hide this ad
You Might Also Like...
Tags
before
Listing
Previously
Sequence
Series
Today's Top Quizzes in Miscellaneous
Browse Miscellaneous
hide this ad
Today's Top Quizzes in Series
Browse Series
Top Contributed Quizzes in Miscellaneous
1
The JOE quick-fire general knowledge quiz: Day 174
2
9x9 Crossword: Disney Movie Titles
3
The JOE quick-fire general knowledge quiz: Day 173
4
5-to-1: Fast Food
5
9x9 Crossword: Charlie and the Chocolate Factory
6
9x9 Crossword: The Simpsons
7
9x9 Crossword: Flags
8
9x9 Crossword: 2022 Movies
9
9x9 Crossword: Actors
10
9x9 Crossword: Halloween
Explore More
Trending Topics
Disney
Crossword
Marvel
Harry Potter
NBA
Anime
Kpop
Pokémon
Puzzle
WWE
NFL
Song
The Office
Country
Soccer
hide this ad
More By:
Pedro188
Quiz
Plays
Rating
Category
Featured
Created
US States by Phonetic Name
126,666
4.38
Geography
Jun 4, 2011
Gimme Five: Actors And Actresses
107,275
4.12
Movies
Jul 2, 2011
Five Song Frenzy
76,691
4.12
Music
Jun 10, 2011
Gimme Five: Actors And Actresses II
66,159
4.28
Movies
Jul 2, 2011
US State Capitals by Phonetic Name
57,969
4.58
Geography
Jun 28, 2011
Go to Creator's Profile
Score Distribution
Quiz Creator Spotlight
Pedro188
Follow
Send a Message
Quizzes Created
-
Created Quiz Play Count
-
More By This Creator
Popular Quizzes Today
1
Find the US States - No Outlines Minefield
2
Colored Red Africa Blitz
3
Find the 'City' Movie
4
The Countries of the World
5
Find the US States
6
5x2 Blitz: Bands
7
Find the Countries of Europe - No Outlines Minefield
8
US States
More Miscellaneous Quizzes
Nobel Prize Categories
Published
Trending Quizzes
Colored Red Europe Blitz I
Colored Red Europe Blitz II
Colored Red Africa Blitz II
Colored Red Africa Blitz III
Colored Red Europe Blitz III
Recently Updated
Odd Team Out - Big 4 Players
pecheneg
Quick Pick: 20 Twenties
pecheneg
March Madness Men's Triple Doubles
pecheneg
How Do You Spell That?
pecheneg
Godzilla Movies
pecheneg
Grab Bag: 4-10 Letters
pecheneg
2024 March Madness Bracket
pecheneg
Famous TV Couples
Peacemaker
Champions League XIs: Real Madrid
pecheneg
Largest US Cities 1790-2010
pecheneg
Trending Topics
Crossword
Harry Potter
Kpop
Anime
NBA
Marvel
Disney
The Office
Pokémon
Song
NFL
Soccer
Country
WWE
Puzzle
Your Account Isn't Verified!
In order to create a playlist on Sporcle, you need to verify the email address you used during registration. Go to your
Sporcle Settings
to finish the process.
Report this User
Report this user for behavior that violates our
Community Guidelines
.
Details:
Send Report
Go to the Sporcle.com Mobile Site →
Comments